000 00300nam a2200109Ia 4500
008 190722s9999 xx 000 0 und d
020 _a978-0-07-058155-5
100 _aMukherjee, Hanif
245 0 _aFinancial Accounting
260 _aNew Delhi
_bMcGraw Hill Education (india) Pvt. Ltd.
_c2013
942 _cBK
999 _c637
_d637